<?xml version="1.0" encoding="UTF-8"?><?xml-stylesheet type="text/xsl" href="static/style.xsl"?><OAI-PMH xmlns="http://www.openarchives.org/OAI/2.0/" xmlns:xsi="http://www.w3.org/2001/XMLSchema-instance" xsi:schemaLocation="http://www.openarchives.org/OAI/2.0/ http://www.openarchives.org/OAI/2.0/OAI-PMH.xsd"><responseDate>2026-04-13T06:00:05Z</responseDate><request verb="GetRecord" identifier="oai:www.recercat.cat:2099.1/23597" metadataPrefix="marc">https://recercat.cat/oai/request</request><GetRecord><record><header><identifier>oai:recercat.cat:2099.1/23597</identifier><datestamp>2025-07-22T19:35:54Z</datestamp><setSpec>com_2072_1033</setSpec><setSpec>col_2072_452951</setSpec></header><metadata><record xmlns="http://www.loc.gov/MARC21/slim" xmlns:dcterms="http://purl.org/dc/terms/" xmlns:xsi="http://www.w3.org/2001/XMLSchema-instance" xmlns:doc="http://www.lyncode.com/xoai" xsi:schemaLocation="http://www.loc.gov/MARC21/slim http://www.loc.gov/standards/marcxml/schema/MARC21slim.xsd">
   <leader>00925njm 22002777a 4500</leader>
   <datafield ind2=" " ind1=" " tag="042">
      <subfield code="a">dc</subfield>
   </datafield>
   <datafield ind2=" " ind1=" " tag="720">
      <subfield code="a">Brons, Roy</subfield>
      <subfield code="e">author</subfield>
   </datafield>
   <datafield ind2=" " ind1=" " tag="720">
      <subfield code="a">Hulzenga, Merlijn</subfield>
      <subfield code="e">author</subfield>
   </datafield>
   <datafield ind2=" " ind1=" " tag="720">
      <subfield code="a">Ramírez, María del Mar</subfield>
      <subfield code="e">author</subfield>
   </datafield>
   <datafield ind2=" " ind1=" " tag="720">
      <subfield code="a">O'Brien, Patrick</subfield>
      <subfield code="e">author</subfield>
   </datafield>
   <datafield ind2=" " ind1=" " tag="260">
      <subfield code="c">2014-06</subfield>
   </datafield>
   <datafield ind2=" " ind1=" " tag="520">
      <subfield code="a">Treball desenvolupat dins el marc del programa 'International Design Project Semester'.</subfield>
   </datafield>
   <datafield ind2=" " ind1=" " tag="520">
      <subfield code="a">El&#xd;
Museu&#xd;
del&#xd;
Ferrocarril&#xd;
de&#xd;
Catalunya&#xd;
has&#xd;
one&#xd;
of&#xd;
the&#xd;
most&#xd;
renowned&#xd;
and&#xd;
largest&#xd;
train&#xd;
collections&#xd;
in&#xd;
Europe,&#xd;
more&#xd;
than&#xd;
fifty-­‐two&#xd;
trains&#xd;
on&#xd;
display,&#xd;
including&#xd;
28&#xd;
locomotives,&#xd;
the&#xd;
biggest&#xd;
collection&#xd;
on&#xd;
the&#xd;
continent.&#xd;
It&#xd;
allows&#xd;
visitors&#xd;
to&#xd;
experience&#xd;
what&#xd;
travelling&#xd;
was&#xd;
like&#xd;
from&#xd;
the&#xd;
second&#xd;
half&#xd;
of&#xd;
the&#xd;
19th&#xd;
through&#xd;
to&#xd;
the&#xd;
20th&#xd;
century.&#xd;
The&#xd;
museum&#xd;
is&#xd;
located&#xd;
next&#xd;
to&#xd;
the&#xd;
train&#xd;
station&#xd;
of&#xd;
Vilanova&#xd;
i&#xd;
la&#xd;
Geltrú,&#xd;
a&#xd;
former&#xd;
station&#xd;
depot,&#xd;
where&#xd;
railway&#xd;
workers&#xd;
lived&#xd;
and&#xd;
work.&#xd;
It&#xd;
has&#xd;
a&#xd;
vast&#xd;
collection&#xd;
of&#xd;
trains&#xd;
documenting&#xd;
160&#xd;
years&#xd;
of&#xd;
railway&#xd;
history.&#xd;
In&#xd;
order&#xd;
to&#xd;
improve&#xd;
visitor&#xd;
experience,&#xd;
the&#xd;
museum&#xd;
wants&#xd;
to&#xd;
offer&#xd;
new&#xd;
initiatives&#xd;
and&#xd;
services&#xd;
that&#xd;
would&#xd;
make&#xd;
the&#xd;
visit&#xd;
to&#xd;
the&#xd;
Museum&#xd;
a&#xd;
more&#xd;
interactive&#xd;
and&#xd;
educational&#xd;
resource.&#xd;
The&#xd;
aim&#xd;
of&#xd;
this&#xd;
project&#xd;
was&#xd;
to&#xd;
improve&#xd;
the&#xd;
experience,&#xd;
through&#xd;
the&#xd;
application&#xd;
of&#xd;
user&#xd;
centred&#xd;
design&#xd;
and&#xd;
embracing&#xd;
contemporary&#xd;
technology.&#xd;
In&#xd;
order&#xd;
to&#xd;
develop&#xd;
the&#xd;
project,&#xd;
various&#xd;
research&#xd;
methods&#xd;
were&#xd;
used,&#xd;
including&#xd;
questionnaires,&#xd;
focus&#xd;
groups,&#xd;
expert&#xd;
reviews,&#xd;
and&#xd;
creative&#xd;
sessions.&#xd;
Based&#xd;
on&#xd;
the&#xd;
outcomes&#xd;
of&#xd;
this&#xd;
research&#xd;
new&#xd;
interactive&#xd;
technologies&#xd;
were&#xd;
investigated&#xd;
to&#xd;
decide&#xd;
on&#xd;
the&#xd;
most&#xd;
suitable&#xd;
solutions&#xd;
for&#xd;
visitor&#xd;
experience&#xd;
enhancement.&#xd;
The&#xd;
research&#xd;
lead&#xd;
to&#xd;
two&#xd;
separated&#xd;
results&#xd;
and&#xd;
advises&#xd;
for&#xd;
the&#xd;
museum.&#xd;
The&#xd;
first&#xd;
one&#xd;
is&#xd;
an&#xd;
advice&#xd;
based&#xd;
on&#xd;
improved&#xd;
signage&#xd;
and&#xd;
way&#xd;
finding&#xd;
inside&#xd;
the&#xd;
museum&#xd;
changing&#xd;
signs&#xd;
with&#xd;
info&#xd;
graphics&#xd;
and&#xd;
including&#xd;
routing&#xd;
elements.&#xd;
The&#xd;
second&#xd;
one&#xd;
is&#xd;
a&#xd;
mobile&#xd;
application,&#xd;
which&#xd;
conveys,&#xd;
to&#xd;
a&#xd;
better&#xd;
experience&#xd;
for&#xd;
the&#xd;
visitors&#xd;
in&#xd;
the&#xd;
museum.&#xd;
The&#xd;
mobile&#xd;
application&#xd;
is&#xd;
replacing&#xd;
the&#xd;
audio&#xd;
device&#xd;
and&#xd;
the&#xd;
map&#xd;
the&#xd;
visitors&#xd;
have&#xd;
to&#xd;
carry&#xd;
with&#xd;
them&#xd;
during&#xd;
an&#xd;
audio&#xd;
tour&#xd;
and&#xd;
adds&#xd;
interaction&#xd;
to&#xd;
the&#xd;
museum,&#xd;
a&#xd;
photo&#xd;
application&#xd;
to&#xd;
share&#xd;
in&#xd;
social&#xd;
media,&#xd;
different&#xd;
tour&#xd;
recommendations&#xd;
and&#xd;
information&#xd;
addressed&#xd;
to&#xd;
both&#xd;
common&#xd;
visitors&#xd;
and&#xd;
train&#xd;
enthusiasts.&#xd;
These&#xd;
two&#xd;
end&#xd;
products&#xd;
provided&#xd;
answers&#xd;
to&#xd;
the&#xd;
main&#xd;
questions&#xd;
of&#xd;
the&#xd;
research,&#xd;
namely:&#xd;
-­‐&#xd;
How&#xd;
can&#xd;
the&#xd;
user&#xd;
experience&#xd;
and&#xd;
interaction&#xd;
of&#xd;
the&#xd;
museum&#xd;
visitors&#xd;
be&#xd;
improved?&#xd;
-­‐&#xd;
What&#xd;
is&#xd;
the&#xd;
current&#xd;
experience&#xd;
of&#xd;
the&#xd;
visitors&#xd;
and&#xd;
what&#xd;
are&#xd;
they&#xd;
missing?</subfield>
   </datafield>
   <datafield tag="653" ind2=" " ind1=" ">
      <subfield code="a">Àrees temàtiques de la UPC::Arquitectura::Disseny::Disseny industrial</subfield>
   </datafield>
   <datafield tag="653" ind2=" " ind1=" ">
      <subfield code="a">User-centered system design</subfield>
   </datafield>
   <datafield tag="653" ind2=" " ind1=" ">
      <subfield code="a">Creative sessions</subfield>
   </datafield>
   <datafield tag="653" ind2=" " ind1=" ">
      <subfield code="a">Design</subfield>
   </datafield>
   <datafield tag="653" ind2=" " ind1=" ">
      <subfield code="a">Expert review</subfield>
   </datafield>
   <datafield tag="653" ind2=" " ind1=" ">
      <subfield code="a">Focus-group</subfield>
   </datafield>
   <datafield tag="653" ind2=" " ind1=" ">
      <subfield code="a">Gestual interaction</subfield>
   </datafield>
   <datafield tag="653" ind2=" " ind1=" ">
      <subfield code="a">Guideline</subfield>
   </datafield>
   <datafield tag="653" ind2=" " ind1=" ">
      <subfield code="a">Human factors</subfield>
   </datafield>
   <datafield tag="653" ind2=" " ind1=" ">
      <subfield code="a">Interaction design</subfield>
   </datafield>
   <datafield tag="653" ind2=" " ind1=" ">
      <subfield code="a">Observation</subfield>
   </datafield>
   <datafield tag="653" ind2=" " ind1=" ">
      <subfield code="a">Railway museum</subfield>
   </datafield>
   <datafield tag="653" ind2=" " ind1=" ">
      <subfield code="a">Smartphone</subfield>
   </datafield>
   <datafield tag="653" ind2=" " ind1=" ">
      <subfield code="a">User experience</subfield>
   </datafield>
   <datafield tag="653" ind2=" " ind1=" ">
      <subfield code="a">Usabilitat</subfield>
   </datafield>
   <datafield ind2="0" ind1="0" tag="245">
      <subfield code="a">A study of interaction design in the Catalunya Railway Museum of Vilanova i la Geltrú</subfield>
   </datafield>
</record></metadata></record></GetRecord></OAI-PMH>